Leading with strategic thinking (Record no. 3461)

000 -LEADER
fixed length control field nam a22 a 4500
005 - DATE AND TIME OF LATEST TRANSACTION
control field 20170523090933.0
008 - FIXED-LENGTH DATA ELEMENTS--GENERAL INFORMATION
fixed length control field 170523b2015 nju||||| |||| 00| 0 eng d
020 ## - INTERNATIONAL STANDARD BOOK NUMBER
International Standard Book Number 9781118968154
040 ## - CATALOGING SOURCE
Original cataloging agency AKMAL
082 ## - DEWEY DECIMAL CLASSIFICATION NUMBER
Classification number 658.4092 OLS
090 ## - LOCALLY ASSIGNED LC-TYPE CALL NUMBER (OCLC); LOCAL CALL NUMBER (RLIN)
Classification number (OCLC) (R) ; Classification number, CALL (RLIN) (NR) 658.4092
Local cutter number (OCLC) ; Book number/undivided call number, CALL (RLIN) OLS
100 ## - MAIN ENTRY--PERSONAL NAME
Personal name Olson, Aaron K.
Dates associated with a name 1974-
9 (RLIN) 6956
245 ## - TITLE STATEMENT
Title Leading with strategic thinking
Remainder of title four ways effective leaders gain insight, drive change, and get results /
Statement of responsibility, etc. Aaron K. Olson, B. Keith Simerson
264 ## - PRODUCTION, PUBLICATION, DISTRIBUTION, MANUFACTURE, AND COPYRIGHT NOTICE
Place of production, publication, distribution, manufacture Hoboken, New Jersey
Name of producer, publisher, distributor, manufacturer Wiley
Date of production, publication, distribution, manufacture, or copyright notice [2015]
300 ## - PHYSICAL DESCRIPTION
Extent xxvii, 291 pages
Dimensions 24cm
500 ## - GENERAL NOTE
General note Formerly CIP.
504 ## - BIBLIOGRAPHY, ETC. NOTE
Bibliography, etc. note Includes bibliographical references (pages 261-277) and index.
520 ## - SUMMARY, ETC.
Summary, etc. "Be a more effective leader with strategic thinkingLeading with Strategic Thinking reveals what effective leaders do differently. Eschewing the one-size-fits-all leadership model, this helpful guide outlines four general leadership types and demonstrates how each type achieves success - whether through personal vision, structured process, collaboration, or by empowering others. The authors identify the actions and skills that distinguish strategic leadership, drawn from interviews and focus groups with over three hundred leaders from around the world. Examples and case studies illustrate these concepts in action, and the provided reference materials steer readers toward more advanced information on this important topic.The disruptive forces of technology and globalization raise new challenges for leaders. This book is a manual that will help executives and aspiring leaders harness these forces and address the two central questions of strategic leadership: How do the best leaders develop their strategy? How do effective leaders drive strategic change? Becoming a strategic leader isn't about mimicking an icon. The most effective leaders seize opportunity in a way that consciously integrates environmental requirements, stakeholder expectations, and personal ability. Leading with Strategic Thinking shows what these leaders do, and gives anyone the tools to be a more strategic leader"-- |c Provided by publisher.
530 ## - ADDITIONAL PHYSICAL FORM AVAILABLE NOTE
Additional physical form available note Also issued online.
650 ## - SUBJECT ADDED ENTRY--TOPICAL TERM
Topical term or geographic name entry element Leadership.
9 (RLIN) 120
650 ## - SUBJECT ADDED ENTRY--TOPICAL TERM
Topical term or geographic name entry element Leadership.
9 (RLIN) 120
650 ## - SUBJECT ADDED ENTRY--TOPICAL TERM
Topical term or geographic name entry element Problem solving.
9 (RLIN) 1043
650 ## - SUBJECT ADDED ENTRY--TOPICAL TERM
Source of heading or term bisacsh
Topical term or geographic name entry element BUSINESS & ECONOMICS / Leadership.
9 (RLIN) 6957
700 ## - ADDED ENTRY--PERSONAL NAME
Personal name Simerson, Byron K.
9 (RLIN) 6958
942 ## - ADDED ENTRY ELEMENTS (KOHA)
Source of classification or shelving scheme
Koha item type Book
Holdings
Withdrawn status Lost status Source of classification or shelving scheme Damaged status Not for loan Collection code Home library Current library Shelving location Date acquired Inventory number Total Checkouts Full call number Barcode Date last seen Price effective from Koha item type
          NON-FICTION AKMAL Melaka AKMAL Melaka PINJAMAN 23.05.2017 602737   658.4092 OLS 201704453 23.05.2017 23.05.2017 Book
Pusat Sumber Maklumat Dato' Haji Sarmin Md Hussin, Akademi Kastam Diraja Malaysia, Melaka
Tel: 06-2331106 | Faks: 06-2313787